| 000 | 00692nam a22002177a 4500 | ||
|---|---|---|---|
| 999 |
_c13599 _d13599 |
||
| 003 | AR-CdUCM | ||
| 008 | 190415b ||||| |||| 00| 0 spa d | ||
| 020 | _a978-9972-699-51-1 | ||
| 040 |
_aMUNICIPALIDAD PROVINCIAL DEL CUSCO _cBIBLIOTECA MUNICIPAL DEL CUSCO |
||
| 082 |
_a929.92 / _bM97 |
||
| 100 |
_aMuñiz Caparó, Julio Gilberto _924555 |
||
| 245 |
_aLa bandera del Cusco : _bTestimonio y deslinde / |
||
| 260 |
_aLima : _bEdit. Horizonte, |
||
| 300 |
_a176 paginas ; _bIlustraciones, _c20 cm. |
||
| 505 | _aContenido :La bandera del Cusco / | ||
| 650 |
_aBanderas _911318 |
||
| 650 |
_aEmblemas _930310 |
||
| 650 |
_aCusco _9772 |
||
| 942 |
_2ddc _cLIBROS |
||
| 945 |
_arjall _d2019-04-15 |
||